[Event "PNWCC vs Europe Hybrid 05"]
[Site "Chess.com INT"]
[Date "2022.05.08"]
[Round "3"]
[White "Danov, Lyubomir"]
[Black "Prilleltensky, Matan"]
[Result "1-0"]
[WhiteElo "2373"]
[BlackElo "2192"]
[PlyCount "111"]
[EventDate "2022.05.07"]
[EventType "team-tourn"]
[EventRounds "4"]
[EventCountry "USA"]
[SourceTitle "EXT 2023"]
[Source "ChessBase"]
[SourceDate "2022.10.05"]
[SourceVersion "1"]
[SourceVersionDate "2022.10.05"]
[SourceQuality "1"]
[WhiteTeam "Europe"]
[BlackTeam "PNWCC"]
[BlackTeamCountry "USA"]

1. e4 c5 2. Nf3 e6 3. d4 cxd4 4. Nxd4 a6 5. Bd3 Nf6 6. 0-0 Qc7 7. c4 Nc6 8. Nxc6 dxc6 9. f4 e5 10. f5 Bc5+ 11. Kh1 h5 12. Nc3 Ng4 13. Qe1 Bd7 14. Bd2 Qd6 15. Bc2 Qd4 16. Nd1 Qxc4 17. Bb3 Qd4 18. Rc1 Ba7 19. Bg5 f6 20. Bh4 Qd6 21. h3 Nh6 22. Qg3 Kf8 23. Ne3 Bd4 24. Rcd1 Qe7 25. Nc2 c5 26. Bd5 Rd8 27. Qf3 Nf7 28. b4 Bb5 29. Rfe1 Ba4 30. Bb3 Bc6 31. bxc5 Qxc5 32. Nxd4 exd4 33. Bxf7 Kxf7 34. Qb3+ Kf8 35. e5 Qd5 36. Qg3 Rg8 37. Rd2 d3 38. e6 Re8 39. e7+ Rxe7 40. Rxe7 Kxe7 41. Rxd3 Qxf5 42. Qc7+ Kf8 43. Rd8+ Be8 44. Bg3 Rh8 45. Bd6+ Kg8 46. Rxe8+ Kh7 47. Re7 Rc8 48. Rxg7+ Kh8 49. Rh7+ Qxh7 50. Qxc8+ Qg8 51. Qxg8+ Kxg8 52. Kg1 Kf7 53. Kf2 Ke6 54. Bb4 b6 55. Kf3 Kf5 56. Bc3 1-0

[Event "PNWCC vs Europe Hybrid 05"]
[Site "Chess.com INT"]
[Date "2022.05.07"]
[Round "1"]
[White "Prilleltensky, Matan"]
[Black "Georgiev, Krum"]
[Result "1/2-1/2"]
[WhiteElo "2192"]
[BlackElo "2307"]
[PlyCount "89"]
[EventDate "2022.05.07"]
[EventType "team-tourn"]
[EventRounds "4"]
[EventCountry "USA"]
[SourceTitle "EXT 2023"]
[Source "ChessBase"]
[SourceDate "2022.10.05"]
[SourceVersion "1"]
[SourceVersionDate "2022.10.05"]
[SourceQuality "1"]
[WhiteTeam "PNWCC"]
[BlackTeam "Europe"]
[WhiteTeamCountry "USA"]

1. d4 Nf6 2. c4 g6 3. Nc3 Bg7 4. e4 d6 5. f3 0-0 6. Nge2 a6 7. Be3 c6 8. g4 b5 9. h4 e5 10. h5 exd4 11. Nxd4 Re8 12. hxg6 hxg6 13. Qd2 d5 14. Bh6 Bh8 15. 0-0-0 b4 16. Na4 dxe4 17. Qh2 Bxg4 18. fxg4 Nxg4 19. Qg1 Nxh6 20. Rxh6 Qf6 21. Qe3 Nd7 22. Be2 Bg7 23. Rhh1 Ne5 24. Rhf1 Nd3+ 25. Bxd3 Qxd4 26. Qf4 Re7 27. Be2 Qe5 28. Qxe5 Bxe5 29. Nb6 Rae8 30. c5 a5 31. Nc4 Ra8 32. Nd6 Kg7 33. Bc4 f5 34. Rg1 Rf8 35. Rdf1 Bd4 36. Rg2 Re5 37. Nb7 Bxc5 38. Nxc5 Rxc5 39. b3 Re5 40. Rd1 Re7 41. Rd6 Rf6 42. Rd8 Rf8 43. Rd6 Rf6 44. Rd8 Rf8 45. Rd6 1/2-1/2

[Event "PNWCC vs Europe Hybrid 04"]
[Site "Chess.com INT"]
[Date "2022.04.24"]
[Round "1"]
[White "Prilleltensky, Matan"]
[Black "Simeonov, Stefan"]
[Result "1/2-1/2"]
[WhiteElo "2192"]
[BlackElo "2241"]
[PlyCount "95"]
[EventDate "2022.04.23"]
[EventType "team-tourn"]
[EventRounds "4"]
[EventCountry "USA"]
[SourceTitle "EXT 2023"]
[Source "ChessBase"]
[SourceDate "2022.10.05"]
[SourceVersion "1"]
[SourceVersionDate "2022.10.05"]
[SourceQuality "1"]
[WhiteTeam "PNWCC"]
[BlackTeam "Europe"]
[WhiteTeamCountry "USA"]

1. d4 Nf6 2. c4 e6 3. Nc3 d5 4. cxd5 exd5 5. Bg5 Be7 6. e3 0-0 7. Bd3 c6 8. Nge2 Nh5 9. Bxe7 Qxe7 10. Qc2 g6 11. h3 a5 12. g4 Ng7 13. 0-0-0 Na6 14. Qd2 b5 15. Rdg1 f5 16. Nf4 Nc7 17. gxf5 Bxf5 18. h4 Nce6 19. Nxe6 Qxe6 20. h5 Bxd3 21. Qxd3 Rxf2 22. hxg6 h5 23. Rg5 Raf8 24. Re5 Qg4 25. Nd1 Qg2 26. Nxf2 Rxf2 27. Rd1 h4 28. Qc3 Qxg6 29. e4 Qh6+ 30. Kb1 h3 31. Qg3 Rg2 32. Qf3 Qh4 33. Rf1 Kh7 34. exd5 cxd5 35. Rh1 Rg3 36. Qf2 Qg4 37. Re3 Nf5 38. Re5 Kg6 39. Re6+ Kg5 40. Qd2+ Kh5 41. Ree1 b4 42. Qc2 Kg5 43. Qc8 Qxd4 44. Qd8+ Kg4 45. Qg8+ Kh5 46. Qf7+ Kg5 47. Qg8+ Kh5 48. Qf7+ 1/2-1/2

[Event "PNWCC vs Plovdiv Hybrid"]
[Site "Chess.com INT"]
[Date "2022.03.13"]
[Round "3"]
[White "Zahariev, Zahari"]
[Black "Prilleltensky, Matan"]
[Result "0-1"]
[WhiteElo "2332"]
[BlackElo "2167"]
[PlyCount "28"]
[EventDate "2022.03.12"]
[EventType "team-tourn"]
[EventRounds "4"]
[EventCountry "NET"]
[SourceTitle "EXT 2023"]
[Source "ChessBase"]
[SourceDate "2022.10.05"]
[SourceVersion "1"]
[SourceVersionDate "2022.10.05"]
[SourceQuality "1"]
[WhiteTeam "Plovdiv"]
[BlackTeam "PNWCC"]
[WhiteTeamCountry "BUL"]
[BlackTeamCountry "USA"]

1. Nf3 d5 2. g3 c6 3. Bg2 Bg4 4. 0-0 e6 5. b3 Nd7 6. Bb2 h5 7. d4 h4 8. Nbd2 hxg3 9. hxg3 Qf6 10. Nh2 Bh3 11. Bxh3 Qh6 12. Ndf3 Qxh3 13. Qd2 Ngf6 14. Qf4 Bd6 0-1

[Event "Titled Tuesday intern op 28th Dec"]
[Site "Chess.com INT"]
[Date "2021.12.28"]
[Round "1"]
[White "Agibileg, Uurtsaikh"]
[Black "Prilleltensky, Matan"]
[Result "1-0"]
[WhiteElo "2440"]
[BlackElo "2166"]
[PlyCount "55"]
[EventDate "2021.12.28"]
[EventType "swiss (blitz)"]
[EventRounds "11"]
[EventCountry "USA"]
[SourceTitle "CBM 206 Extra"]
[Source "ChessBase"]
[SourceDate "2022.03.31"]
[SourceVersion "1"]
[SourceVersionDate "2022.03.31"]
[SourceQuality "1"]

1. d4 d5 2. c4 c6 3. Nf3 Nf6 4. Nc3 e6 5. Bg5 Be7 6. e3 0-0 7. cxd5 Nxd5 8. Bxe7 Qxe7 9. Bd3 Nxc3 10. bxc3 c5 11. 0-0 Nc6 12. Qe2 b6 13. Rfd1 Bb7 14. e4 cxd4 15. cxd4 Rfd8 16. Bc2 Rac8 17. Rac1 Qa3 18. d5 exd5 19. exd5 Re8 20. Bxh7+ Kxh7 21. Ng5+ Kg8 22. Qh5 Ne5 23. d6 Ng6 24. d7 Rcd8 25. dxe8Q+ Rxe8 26. Rc7 Qb4 27. Qh7+ Kf8 28. Rxf7# 1-0

[Event "Titled Tuesday intern op 28th Dec"]
[Site "Chess.com INT"]
[Date "2021.12.28"]
[Round "2"]
[White "Prilleltensky, Matan"]
[Black "Deac, Bogdan Daniel"]
[Result "0-1"]
[WhiteElo "2166"]
[BlackElo "2679"]
[PlyCount "34"]
[EventDate "2021.12.28"]
[EventType "swiss (blitz)"]
[EventRounds "11"]
[EventCountry "USA"]
[SourceTitle "CBM 206 Extra"]
[Source "ChessBase"]
[SourceDate "2022.03.31"]
[SourceVersion "1"]
[SourceVersionDate "2022.03.31"]
[SourceQuality "1"]

1. d4 g6 2. e4 Bg7 3. Nc3 c6 4. Nf3 d6 5. Be3 Qb6 6. Qd2 Qxb2 7. Rb1 Qa3 8. Bd3 Qa5 9. 0-0 Nf6 10. h3 Nbd7 11. Rb3 0-0 12. Bh6 e5 13. Bxg7 Kxg7 14. Qg5 h6 15. Qe3 exd4 16. Nxd4 Nc5 17. e5 dxe5 0-1

[Event "Titled Tuesday intern op 28th Dec"]
[Site "Chess.com INT"]
[Date "2021.12.28"]
[Round "3"]
[White "Prilleltensky, Matan"]
[Black "Grot, Blazej"]
[Result "1-0"]
[WhiteElo "2166"]
[BlackElo "1822"]
[PlyCount "31"]
[EventDate "2021.12.28"]
[EventType "swiss (blitz)"]
[EventRounds "11"]
[EventCountry "USA"]
[SourceTitle "CBM 206 Extra"]
[Source "ChessBase"]
[SourceDate "2022.03.31"]
[SourceVersion "1"]
[SourceVersionDate "2022.03.31"]
[SourceQuality "1"]

1. d4 Nf6 2. Bf4 e6 3. e3 d5 4. Nd2 c5 5. c3 Nc6 6. Ngf3 Bd6 7. Bg3 0-0 8. Bd3 Qe7 9. Ne5 Nd7 10. Nxd7 Qxd7 11. Bxd6 Qxd6 12. dxc5 Qxc5 13. Bxh7+ Kxh7 14. Qh5+ Kg8 15. Ne4 Qe7 16. Ng5 1-0

[Event "Charlotte CCCSA Holiday IM"]
[Site "Charlotte"]
[Date "2021.12.23"]
[Round "9"]
[White "Prilleltensky, Matan"]
[Black "Gonzalez Garcia, Jose"]
[Result "1/2-1/2"]
[WhiteElo "2166"]
[BlackElo "2483"]
[PlyCount "79"]
[EventDate "2021.12.19"]
[EventType "tourn"]
[EventRounds "9"]
[EventCountry "USA"]
[SourceTitle "CBM 205 Extra"]
[Source "ChessBase"]
[SourceDate "2022.01.31"]
[SourceVersion "1"]
[SourceVersionDate "2022.01.31"]
[SourceQuality "1"]

1. c4 Nf6 2. Nc3 e5 3. Nf3 d6 4. d4 exd4 5. Nxd4 g6 6. g3 Bg7 7. Bg2 0-0 8. 0-0 Nbd7 9. e4 Re8 10. h3 Nc5 11. Re1 Bd7 12. Bf4 h6 13. g4 Nh7 14. Be3 Qc8 15. b4 Ne6 16. Nde2 a5 17. bxa5 Nc5 18. Bd4 Rxa5 19. Bxg7 Kxg7 20. Qd4+ Kg8 21. Qd2 h5 22. Nd5 b6 23. gxh5 Nxe4 24. Bxe4 Rxe4 25. Ng3 Rxd5 26. Qxd5 Rxe1+ 27. Rxe1 Be6 28. Qd2 g5 29. h6 Qf8 30. Re3 Qxh6 31. Ra3 Qxh3 32. Ra8+ Kg7 33. Qd4+ Nf6 34. Ra7 Qh4 35. Qc3 Kg6 36. Qd3+ Kg7 37. Rxc7 Ng4 38. Nf5+ Bxf5 39. Qxf5 Ne5 40. Re7 1/2-1/2

[Event "Charlotte CCCSA Holiday IM"]
[Site "Charlotte"]
[Date "2021.12.21"]
[Round "5"]
[White "Francisco, Richard"]
[Black "Prilleltensky, Matan"]
[Result "1/2-1/2"]
[WhiteElo "2249"]
[BlackElo "2166"]
[PlyCount "99"]
[EventDate "2021.12.19"]
[EventType "tourn"]
[EventRounds "9"]
[EventCountry "USA"]
[SourceTitle "CBM 205 Extra"]
[Source "ChessBase"]
[SourceDate "2022.01.31"]
[SourceVersion "1"]
[SourceVersionDate "2022.01.31"]
[SourceQuality "1"]

1. c4 e5 2. g3 c6 3. d4 e4 4. Nc3 d5 5. Bg2 Bb4 6. Qb3 a5 7. cxd5 cxd5 8. f3 Nc6 9. fxe4 Nxd4 10. Qd1 dxe4 11. Be3 Nc6 12. Qxd8+ Nxd8 13. Bxe4 Nf6 14. Bd3 0-0 15. a3 Bxc3+ 16. bxc3 Nc6 17. Nf3 Re8 18. Bc1 Bh3 19. Ng5 Bg2 20. Rg1 Ne5 21. Rxg2 Nxd3+ 22. Kd2 Nxc1 23. Rxc1 Rad8+ 24. Ke1 Nd5 25. Rf2 f6 26. Nh3 Rc8 27. Rf3 Ne3 28. Nf4 b5 29. h3 Nc4 30. Ra1 a4 31. Nd3 Rc7 32. Ra2 Rec8 33. Rf4 Ne3 34. Rb4 Nd5 35. Rd4 Nxc3 36. Rb2 f5 37. g4 fxg4 38. hxg4 Rc4 39. e3 Rxd4 40. exd4 Re8+ 41. Ne5 Rd8 42. Kd2 Ne4+ 43. Ke3 Nd6 44. Rc2 h5 45. d5 hxg4 46. Kd4 Nf5+ 47. Ke4 Nd6+ 48. Kd4 Nf5+ 49. Ke4 Nd6+ 50. Kd4 1/2-1/2

[Event "New York GM-C"]
[Site "New York"]
[Date "2021.11.12"]
[Round "5"]
[White "Javakhadze, Zurab"]
[Black "Prilleltensky, Matan"]
[Result "1-0"]
[WhiteElo "2460"]
[BlackElo "2189"]
[PlyCount "89"]
[EventDate "2021.11.10"]
[EventType "tourn"]
[EventRounds "9"]
[EventCountry "USA"]
[EventCategory "2"]
[SourceTitle "CBM 205 Extra"]
[Source "ChessBase"]
[SourceDate "2022.01.31"]
[SourceVersion "1"]
[SourceVersionDate "2022.01.31"]
[SourceQuality "1"]

1. d4 d5 2. c4 dxc4 3. e3 Nf6 4. Bxc4 e6 5. Nf3 a6 6. 0-0 b5 7. Be2 Bb7 8. a4 b4 9. a5 Nbd7 10. Qa4 c5 11. Rd1 Qc7 12. Bd2 Bc6 13. Qc2 Be7 14. Be1 0-0 15. dxc5 Bxc5 16. Nbd2 Rfc8 17. Nb3 Be4 18. Qd2 Be7 19. Rdc1 Qb7 20. Rxc8+ Rxc8 21. Rc1 Rd8 22. Qd4 Bd5 23. Nbd2 Bc6 24. Qf4 Nh5 25. Qg4 Nhf6 26. Qf4 Nh5 27. Qg4 Nhf6 28. Qg3 Nc5 29. Nd4 Bd5 30. f3 Qd7 31. Nc4 Bxc4 32. Bxc4 Bd6 33. Qh4 e5 34. Nb3 Nxb3 35. Bxb3 Qa7 36. Qc4 e4 37. Rd1 h6 38. Rd4 exf3 39. Bxb4 Ne8 40. gxf3 Qe7 41. Kf2 Rd7 42. Re4 Qd8 43. Ba4 Rc7 44. Rxe8+ Qxe8 45. Qxc7 1-0

[Event "New York GM-C"]
[Site "New York"]
[Date "2021.11.11"]
[Round "2"]
[White "Prilleltensky, Matan"]
[Black "Khodzhamkuliev, Bahadur"]
[Result "0-1"]
[WhiteElo "2189"]
[BlackElo "2167"]
[PlyCount "86"]
[EventDate "2021.11.10"]
[EventType "tourn"]
[EventRounds "9"]
[EventCountry "USA"]
[EventCategory "2"]
[SourceTitle "CBM 205 Extra"]
[Source "ChessBase"]
[SourceDate "2022.01.31"]
[SourceVersion "1"]
[SourceVersionDate "2022.01.31"]
[SourceQuality "1"]

1. c4 g6 2. e4 Bg7 3. d4 c5 4. Nf3 cxd4 5. Nxd4 Nc6 6. Be3 Nf6 7. Nc3 Ng4 8. Qxg4 Nxd4 9. Qd1 Nc6 10. Qd2 d6 11. Be2 0-0 12. 0-0 b6 13. Rac1 Bb7 14. Rfd1 Rc8 15. b3 Qd7 16. f3 Ne5 17. Nd5 f5 18. exf5 gxf5 19. Nf4 Rf6 20. Nh5 Rg6 21. Kh1 Bh8 22. Nf4 Rf6 23. Bd4 Qe8 24. Qe3 Rh6 25. Qf2 Ng6 26. Bxh8 Nxf4 27. Qg3+ Kxh8 28. Qxf4 Qh5 29. Qd4+ e5 30. Qg1 Rg8 31. Rf1 e4 32. Rce1 e3 33. h3 Rhg6 34. Qh2 Rxg2 35. Qxg2 Rxg2 36. Kxg2 Qg5+ 37. Kh2 Qf4+ 38. Kg2 Qh4 39. Rd1 f4 40. Rxd6 Bc8 41. Kh2 Bxh3 42. Rd8+ Qxd8 43. Kxh3 Qd2 0-1

[Event "Charlotte CCCSA Labor Day IM-D"]
[Site "Charlotte"]
[Date "2021.09.05"]
[Round "7"]
[White "Diulger, Alexey"]
[Black "Prilleltensky, Matan"]
[Result "0-1"]
[WhiteElo "2272"]
[BlackElo "2162"]
[PlyCount "46"]
[EventDate "2021.09.02"]
[EventType "tourn"]
[EventRounds "9"]
[EventCountry "USA"]
[EventCategory "1"]
[SourceTitle "CBM 204 Extra"]
[Source "ChessBase"]
[SourceDate "2021.11.30"]
[SourceVersion "1"]
[SourceVersionDate "2021.11.30"]
[SourceQuality "1"]

1. e4 c5 2. b4 cxb4 3. a3 d5 4. exd5 Qxd5 5. Nf3 e5 6. axb4 Bxb4 7. c3 Be7 8. d4 exd4 9. cxd4 Nf6 10. Be2 Bb4+ 11. Bd2 Bxd2+ 12. Qxd2 0-0 13. Nc3 Qd6 14. Nb5 Qb6 15. 0-0 Be6 16. Rfb1 Nbd7 17. Qf4 Nd5 18. Qg3 a6 19. Nd6 Nc3 20. Bd3 Nxb1 21. Rxb1 Qa5 22. Ng5 Nf6 23. h4 b6 0-1

[Event "Charlotte CCCSA Labor Day IM-D"]
[Site "Charlotte"]
[Date "2021.09.03"]
[Round "2"]
[White "Shamatava, Ana"]
[Black "Prilleltensky, Matan"]
[Result "0-1"]
[WhiteElo "2143"]
[BlackElo "2162"]
[PlyCount "88"]
[EventDate "2021.09.02"]
[EventType "tourn"]
[EventRounds "9"]
[EventCountry "USA"]
[EventCategory "1"]
[SourceTitle "CBM 204 Extra"]
[Source "ChessBase"]
[SourceDate "2021.11.30"]
[SourceVersion "1"]
[SourceVersionDate "2021.11.30"]
[SourceQuality "1"]

1. Nf3 d5 2. g3 c6 3. Bg2 Bg4 4. 0-0 e6 5. d3 Bd6 6. h3 Bh5 7. e4 Ne7 8. Qe1 Nd7 9. Nc3 0-0 10. Nh4 Ng6 11. Nxg6 Bxg6 12. f4 Re8 13. Kh1 f6 14. Qf2 dxe4 15. Nxe4 Bc7 16. Be3 Qe7 17. Rae1 Bb6 18. d4 Rad8 19. c3 Bc7 20. Bc1 Qf8 21. b3 a5 22. a4 Bb6 23. Qa2 Bxe4 24. Rxe4 Kh8 25. Rfe1 e5 26. fxe5 fxe5 27. dxe5 Rxe5 28. Qc2 Rxe4 29. Rxe4 Nf6 30. Rd4 Bxd4 31. cxd4 Qd6 32. Bg5 Qxd4 33. Qf5 Re8 34. Kh2 Qe5 35. Qxe5 Rxe5 36. Bd2 Re2 37. Bxa5 Rb2 38. b4 Nd5 39. Kg1 Nxb4 40. Bd8 Nd5 41. a5 Kg8 42. Be4 Re2 43. Bf5 Re8 44. Bg5 Re5 0-1

[Event "Charlotte CCCSA Labor Day IM-D"]
[Site "Charlotte"]
[Date "2021.09.02"]
[Round "1"]
[White "Prilleltensky, Matan"]
[Black "Colas, Joshua"]
[Result "0-1"]
[WhiteElo "2162"]
[BlackElo "2283"]
[PlyCount "112"]
[EventDate "2021.09.02"]
[EventType "tourn"]
[EventRounds "9"]
[EventCountry "USA"]
[EventCategory "1"]
[SourceTitle "CBM 204 Extra"]
[Source "ChessBase"]
[SourceDate "2021.11.30"]
[SourceVersion "1"]
[SourceVersionDate "2021.11.30"]
[SourceQuality "1"]

1. c4 Nf6 2. Nc3 e5 3. Nf3 Nc6 4. e3 Bb4 5. Qc2 Bxc3 6. Qxc3 Qe7 7. d4 Ne4 8. Qd3 exd4 9. Nxd4 0-0 10. Be2 Qb4+ 11. Kf1 Qe7 12. f3 f5 13. Qd1 Nc5 14. Nb5 d6 15. Nc3 Be6 16. b3 a5 17. Rb1 Ne5 18. Bb2 c6 19. Qd4 Bf7 20. Rd1 Rad8 21. Kf2 Ne6 22. Qd2 Qh4+ 23. g3 Qh6 24. h3 Bh5 25. f4 Bxe2 26. Qxe2 Nf7 27. Qf3 Nc5 28. Kg2 Qe6 29. Rhe1 Rfe8 30. g4 Nh6 31. g5 Nf7 32. h4 a4 33. b4 a3 34. Ba1 Na6 35. b5 Nb4 36. Qe2 d5 37. cxd5 Nxd5 38. Nxd5 Rxd5 39. bxc6 Qxc6 40. Rxd5 Qxd5+ 41. Kh2 Rc8 42. e4 fxe4 43. Qxe4 Qxe4 44. Rxe4 Rc2+ 45. Kh3 Nd6 46. Rd4 Rxa2 47. Rxd6 Rxa1 48. Rd8+ Kf7 49. Ra8 a2 50. Kg2 Kg6 51. Ra5 b5 52. f5+ Kh5 53. f6 gxf6 54. gxf6 Kg6 55. Ra6 b4 56. h5+ Kf7 0-1

[Event "Paracin Orbis GM 4th"]
[Site "Paracin"]
[Date "2021.07.26"]
[Round "4"]
[White "Prilleltensky, Matan"]
[Black "Vatsal, Singhania"]
[Result "1-0"]
[WhiteElo "2131"]
[BlackElo "2371"]
[PlyCount "89"]
[EventDate "2021.07.24"]
[EventType "tourn"]
[EventRounds "9"]
[EventCountry "SRB"]
[EventCategory "6"]
[SourceTitle "CBM 203 Extra"]
[Source "ChessBase"]
[SourceDate "2021.09.30"]
[SourceVersion "1"]
[SourceVersionDate "2021.09.30"]
[SourceQuality "1"]

1. c4 e5 2. Nc3 Nf6 3. Nf3 Nc6 4. e3 Bb4 5. Qc2 0-0 6. Nd5 Bd6 7. a3 Nxd5 8. cxd5 Ne7 9. Bc4 h6 10. b4 c6 11. dxc6 dxc6 12. Bb2 Qc7 13. Qc3 Ng6 14. d4 Re8 15. dxe5 Nxe5 16. 0-0-0 b5 17. Bb3 Be6 18. Bxe6 Rxe6 19. Rxd6 Rxd6 20. Nxe5 f6 21. Qb3+ Kh7 22. Nd3 a5 23. Rd1 axb4 24. axb4 Qa7 25. Nc5 Qa1+ 26. Bxa1 Rxa1+ 27. Kb2 Raxd1 28. Qc2+ Kh8 29. Ne4 Rd8 30. g4 Rg1 31. Qxc6 Rxg4 32. Nd6 Kh7 33. Qc2+ Kg8 34. Qb3+ Kh7 35. Qc2+ Kg8 36. Qc5 Rg1 37. Qd5+ Kh7 38. Qe4+ Kg8 39. Qe6+ Kh7 40. Qe7 Rb8 41. Ne8 Kg8 42. Qe6+ Kh7 43. h4 Rd8 44. Nxf6+ Kh8 45. Qf5 1-0

[Event "Paracin Orbis GM 4th"]
[Site "Paracin"]
[Date "2021.07.25"]
[Round "2"]
[White "Ramoutar, Alan Safar"]
[Black "Prilleltensky, Matan"]
[Result "1-0"]
[WhiteElo "2344"]
[BlackElo "2131"]
[PlyCount "53"]
[EventDate "2021.07.24"]
[EventType "tourn"]
[EventRounds "9"]
[EventCountry "SRB"]
[EventCategory "6"]
[SourceTitle "CBM 203 Extra"]
[Source "ChessBase"]
[SourceDate "2021.09.30"]
[SourceVersion "1"]
[SourceVersionDate "2021.09.30"]
[SourceQuality "1"]

1. e4 c5 2. Nc3 e6 3. Nf3 a6 4. d4 cxd4 5. Nxd4 Qc7 6. Bd3 Nf6 7. Qe2 d6 8. f4 g6 9. f5 Bg7 10. fxe6 fxe6 11. Bc4 Nc6 12. Be3 Nxd4 13. Bxd4 0-0 14. 0-0-0 b5 15. Bb3 Kh8 16. e5 dxe5 17. Bxe5 Qa5 18. Ne4 Ne8 19. Rhf1 Rxf1 20. Qxf1 Qb4 21. Rd8 Qe7 22. Nd6 Bb7 23. Bxg7+ Qxg7 24. Nxe8 Qh6+ 25. Kb1 Rxd8 26. Qf6+ Kg8 27. Bxe6# 1-0

[Event "Paracin Orbis GM 4th"]
[Site "Paracin"]
[Date "2021.07.24"]
[Round "1"]
[White "Prilleltensky, Matan"]
[Black "Ohanyan, Emin"]
[Result "0-1"]
[WhiteElo "2131"]
[BlackElo "2324"]
[PlyCount "108"]
[EventDate "2021.07.24"]
[EventType "tourn"]
[EventRounds "9"]
[EventCountry "SRB"]
[EventCategory "6"]
[SourceTitle "CBM 203 Extra"]
[Source "ChessBase"]
[SourceDate "2021.09.30"]
[SourceVersion "1"]
[SourceVersionDate "2021.09.30"]
[SourceQuality "1"]

1. c4 e5 2. Nc3 Nf6 3. Nf3 Nc6 4. e3 Bb4 5. Qc2 0-0 6. Nd5 Re8 7. Qf5 d6 8. Nxf6+ Qxf6 9. Qxf6 gxf6 10. a3 Bc5 11. b4 Bb6 12. Bb2 a5 13. b5 Nd8 14. d4 Bg4 15. 0-0-0 c6 16. a4 Ne6 17. c5 dxc5 18. dxe5 fxe5 19. bxc6 bxc6 20. h3 Bxf3 21. gxf3 Bc7 22. Bc4 Rad8 23. Rxd8 Rxd8 24. h4 Kf8 25. Bxe6 fxe6 26. Ba3 Kf7 27. Bxc5 Rd5 28. Ba3 Rd3 29. Bb2 Rb3 30. Rd1 Ke8 31. Rg1 Kf7 32. Rg4 Bd6 33. Kc2 Rb4 34. Bc3 Rb8 35. Bxa5 h5 36. Rc4 c5 37. Bc3 Ke7 38. a5 Kd7 39. a6 Kc6 40. Re4 Ra8 41. Ra4 Kb5 42. Ra5+ Kb6 43. Ra1 Rxa6 44. Rd1 Kc6 45. Kb3 Kb5 46. Rg1 Ra4 47. e4 c4+ 48. Kb2 Ba3+ 49. Kb1 Bb4 50. Bxe5 c3 51. f4 Kc4 52. f5 exf5 53. exf5 Ba3 54. f6 Rb4+ 0-1

[Event "Paracin Summer op 14th"]
[Site "Paracin"]
[Date "2021.07.10"]
[Round "3"]
[White "Prilleltensky, Matan"]
[Black "Petkovic, Jovan"]
[Result "1-0"]
[WhiteElo "2131"]
[BlackElo "2016"]
[PlyCount "91"]
[EventDate "2021.07.09"]
[EventType "swiss"]
[EventRounds "9"]
[EventCountry "SRB"]
[SourceTitle "EXT 2022"]
[Source "ChessBase"]
[SourceDate "2021.10.06"]
[SourceVersion "1"]
[SourceVersionDate "2021.10.06"]
[SourceQuality "1"]

1. c4 Nf6 2. Nc3 g6 3. e4 d6 4. d4 Bg7 5. Nge2 0-0 6. f3 c5 7. d5 e6 8. Ng3 exd5 9. cxd5 h5 10. Bg5 Qb6 11. Qd2 Nh7 12. Bh4 Nd7 13. Be2 Ne5 14. f4 Bh6 15. 0-0 Bg4 16. Na4 Qc7 17. Qc2 Bxe2 18. Qxe2 Ng4 19. h3 Ngf6 20. Nc3 Rae8 21. Qc2 Nd7 22. Rad1 Qb8 23. a4 Bg7 24. Qd2 Bh6 25. Qc2 Bg7 26. Kh1 b6 27. Qd2 Bh6 28. Qd3 Qb7 29. Nb5 Qb8 30. Na3 Qb7 31. Nc4 Qb8 32. Rde1 Bg7 33. Re2 a6 34. Rfe1 b5 35. axb5 axb5 36. Na5 c4 37. Qf3 Nc5 38. Nc6 Qb7 39. Ra1 Ra8 40. Ree1 f6 41. e5 dxe5 42. fxe5 g5 43. Nf5 Rfe8 44. Nd6 Qc7 45. Nxe8 Rxe8 46. Qxh5 1-0

[Event "Charlotte CCCSA Memorial Day IM"]
[Site "Charlotte"]
[Date "2021.05.29"]
[Round "4"]
[White "Prilleltensky, Matan"]
[Black "Myers, Dominique"]
[Result "1/2-1/2"]
[WhiteElo "2136"]
[BlackElo "1985"]
[PlyCount "54"]
[EventDate "2021.05.27"]
[EventType "tourn"]
[EventRounds "9"]
[EventCountry "USA"]
[SourceTitle "CBM 203 Extra"]
[Source "ChessBase"]
[SourceDate "2021.09.30"]
[SourceVersion "1"]
[SourceVersionDate "2021.09.30"]
[SourceQuality "1"]

1. d4 Nf6 2. Nf3 g6 3. Nc3 d5 4. Bf4 Bg7 5. e3 0-0 6. h3 c5 7. Be2 Nc6 8. 0-0 Ne4 9. dxc5 Nxc3 10. bxc3 Qa5 11. Qxd5 Be6 12. Qd1 Qxc3 13. Rb1 Rfd8 14. Qc1 Rd7 15. Rd1 Rad8 16. Rxd7 Rxd7 17. Bb5 h6 18. Nd4 Nxd4 19. exd4 Rxd4 20. Bd3 Rb4 21. Rxb4 Qxb4 22. Bxh6 Bd4 23. Be3 Qxc5 24. Bxd4 Qxd4 25. Qg5 Bxa2 26. Qxe7 Bd5 27. h4 Bc6 1/2-1/2

[Event "Charlotte CCCSA Memorial Day IM"]
[Site "Charlotte"]
[Date "2021.05.27"]
[Round "1"]
[White "Sandoval Mercado, Carlos"]
[Black "Prilleltensky, Matan"]
[Result "1-0"]
[WhiteElo "2252"]
[BlackElo "2136"]
[PlyCount "105"]
[EventDate "2021.05.27"]
[EventType "tourn"]
[EventRounds "9"]
[EventCountry "USA"]
[SourceTitle "CBM 203 Extra"]
[Source "ChessBase"]
[SourceDate "2021.09.30"]
[SourceVersion "1"]
[SourceVersionDate "2021.09.30"]
[SourceQuality "1"]

1. d4 d5 2. Nf3 Nc6 3. g3 Bf5 4. Bg2 e6 5. 0-0 Nf6 6. c4 Be7 7. Nc3 Ne4 8. Qa4 0-0 9. Rd1 Qd7 10. Nd2 Nxc3 11. bxc3 Rfd8 12. e4 dxe4 13. Nxe4 Ne5 14. Qb3 Rab8 15. Bf4 Nc6 16. Qa4 Bxe4 17. Bxe4 Bd6 18. Bg5 f6 19. Be3 f5 20. Bg2 Kh8 21. d5 exd5 22. cxd5 Ne5 23. Qxd7 Rxd7 24. Bxa7 Ra8 25. Bd4 Re8 26. f4 Ng4 27. Bf1 Rdd8 28. Bb5 Re7 29. Bd3 Ne3 30. Rd2 Kg8 31. c4 b6 32. Re2 Bc5 33. Bxc5 bxc5 34. h3 c6 35. Rae1 Nxd5 36. cxd5 Rxe2 37. Bxe2 cxd5 38. Rd1 Kf7 39. a4 d4 40. a5 Ke6 41. a6 Ra8 42. Bc4+ Kd6 43. Rb1 Ra7 44. Kf2 Kc6 45. Ke2 h6 46. Kd2 g5 47. Re1 gxf4 48. Re6+ Kc7 49. gxf4 Ra8 50. Bd5 Ra7 51. Rxh6 Kc8 52. Rh8+ Kc7 53. Rh7+ 1-0

[Event "Titled Tuesday intern op 04th May"]
[Site "Chess.com INT"]
[Date "2021.05.04"]
[Round "3"]
[White "Nitin, Senthilvel"]
[Black "Prilleltensky, Matan"]
[Result "1-0"]
[WhiteElo "2381"]
[BlackElo "2136"]
[PlyCount "43"]
[EventDate "2021.05.04"]
[EventType "swiss (blitz)"]
[EventRounds "11"]
[EventCountry "USA"]
[SourceTitle "CBM 202 Extra"]
[Source "ChessBase"]
[SourceDate "2021.07.31"]
[SourceVersion "1"]
[SourceVersionDate "2021.07.31"]
[SourceQuality "1"]

1. e4 c5 2. Nf3 e6 3. d4 cxd4 4. Nxd4 a6 5. Nc3 Qc7 6. Bd3 Nf6 7. Qe2 Bd6 8. Nf3 Nc6 9. Bg5 b5 10. 0-0 Bb7 11. a3 Ng4 12. h3 Nge5 13. Rad1 0-0 14. Kh1 Rac8 15. Bxb5 Nxf3 16. Qxf3 Ne5 17. Qe2 axb5 18. Nxb5 Qxc2 19. Qxc2 Rxc2 20. Nxd6 Bc6 21. b4 Ra8 22. b5 1-0